00289nam a2200097Ia 4500008004100000100002000041245005200061245002100113260000900134856004800143160531s9999 xx 000 0 und d aHegarty, James. 4aThe Creative Edge: The Art of Making Ideas Work cby James Hegarty c2014 uhttp://www.smashwords.com/books/view/396565